Elementary algebraic geometry
Պահպանված է:
| Հիմնական հեղինակ: | |
|---|---|
| Ձևաչափ: | Գիրք |
| Լեզու: | անգլերեն |
| Հրապարակվել է: |
Nueva York
Springer-Verlag
1977
|
| Շարք: | Graduate Texts in Mathematics, 44
|
| Խորագրեր: | |
| Ցուցիչներ: |
Ավելացրեք ցուցիչ
Չկան պիտակներ, Եղեք առաջինը, ով նշում է այս գրառումը!
|
MARC
| LEADER | 00000nam a2200000 a 4500 | ||
|---|---|---|---|
| 001 | UCQ8802 | ||
| 003 | CL-VaPUC | ||
| 008 | 981217e19770000US |||||||||||||||||eng|d | ||
| 082 | 0 | 4 | |a 516.35 |b KEN |2 21 |
| 100 | 0 | |a Kendig, Keith |e author |9 423029 | |
| 245 | 1 | 0 | |a Elementary algebraic geometry |
| 300 | |a 309 p | ||
| 942 | |c BK | ||
| 945 | |d 19981217 00:00:00 |a crobeson | ||
| 260 | |a Nueva York |b Springer-Verlag |c 1977 | ||
| 650 | 7 | |a ESPACIOS ALGEBRAICOS |2 CL-VaPUC |9 423030 | |
| 650 | 0 | |a Geometría algebraica |9 270327 | |
| 650 | 0 | |a Topología algebraica |9 269858 | |
| 583 | |a last modification |c 19981217 00:00:00 |k Rodrigo Vera | ||
| 490 | 0 | |a Graduate Texts in Mathematics, 44 | |
| 999 | |c 277978 |d 277976 | ||
| 952 | |0 0 |1 0 |4 0 |6 516_350000000000000_KEN_1977 |7 0 |8 A |9 316285 |a BIBMAT |b BIBMAT |d 2019-11-20 |i 1305301 |o 516.35 KEN 1977 |p 1305301 |r 2025-01-07 |w 2019-11-20 |y BK |k MAT | ||